| 000 | 00401nam a22001457a 4500 | ||
|---|---|---|---|
| 020 | _a8122418317 | ||
| 082 |
_222 _a621.312 |
||
| 100 | _aRaja, A. K...[et al. ]. | ||
| 245 | _aPower plant engineering / | ||
| 260 |
_aNew Delhi, _bNew Age International, _cc2006. |
||
| 300 |
_axix, 470 p. ; _bill. ; _c23 cm. |
||
| 700 | _aSrivasatva, Amit Prakash. | ||
| 700 | _aDwivedi, Manish. | ||
| 942 |
_2ddc _cEE _07 |
||
| 999 |
_c1364 _d1364 |
||